00334nam a2200133Ia 4500008004100000041001200041082002100053100003600074245002200110250001300132260002700145300001000172650001800182231217s9999 xx 000 0 und d aEnglish a001.6424C TON;2 aTondo, Clovis L Gimpel, Scott E 4aThe C answer book a2nd ed.  c1981bNew Delhi : PHI, av+208 aC answer book